Estads̕tica Descriptiva Introduccin̤ al anl̀isis de datos

Bibliographic Details
Format: eBook
Language:Spanish
Published: Bogot:̀ Ediciones de la U, 2014
Subjects:
Online Access:Acceso restringido

MARC

LEADER 00000nam a22000007a 4500
005 20181031105017.0
007 cr|||| ||||
008 181031s2014 co |||||s|||| 00||0 spa d
020 |a 978-958-762-160-0 
035 |a 22118 
040 |a vLex 
090 |c 8241  |d 8241 
245 0 0 |a Estads̕tica Descriptiva  |h [Recurso electrn̤ico] :  |b Introduccin̤ al anl̀isis de datos 
256 |a Servicio en ln̕ea 
260 |a Bogot:̀  |b Ediciones de la U,  |c 2014 
300 |a 1 recurso electrn̤ico 
506 1 |a Disponible solo en los productos indicados  |d vLex Global  |d vLex Global (Academic Edition, excluding Law Schools)  |d vLex Global (U.S. Academic Edition, Law Schools)  |d vLex Global (U.S. Academic Edition, excluding Law Schools)  |d vLex Global (Academic Edition, Law Schools) 
650 0 4 |a Economa̕ y negocios  |z Colombia 
740 0 |a vLex Libros (Servicio en ln̕ea) 
856 4 0 |u http://vlex.com/source/estadistica-descriptiva-introduccion-al-analisis-de-datos-22118  |z Acceso restringido 
942 |c BOOK 
999 0 |a Economy and business